00603nam a2200169 a 450000100100000000500170001000800410002702000150006804000250008308200150010810000320012324501610015526000340031630000210035070000320037170000300040300004394320201002045046.0140509s1977 sp 000 0 spa d a8472228053 aDO-SdBNPbspacBNPHU axxxxbxxxx1 aCisquella, Georgina,d1954-10aDiez años de represión cultural :bla censura de libros durante la ley de Prensa (1966-76) /cGeorgina Cisquella, José Luis Erviti, José A. Sorolla. aBarcelona :bAnagrama,c1977. a177 p. ;c21 cm.12aErviti, José Luis,d1948-12aSorolla, José A.d1950-